| 000 | 00818cam a22002651 4500 | ||
|---|---|---|---|
| 001 | 11426 | ||
| 003 | BD-RjUL | ||
| 005 | 20211208235126.0 | ||
| 008 | 140126s1955 enk 000 0 eng | ||
| 035 | _a(BD-RjUL)11475 | ||
| 035 | _a(OCoLC)519423 | ||
| 040 |
_aDLC _cOKentU _dUk _dDLC _dBD-RjUL _beng |
||
| 041 | _aeng | ||
| 082 | 0 | 4 |
_219 _a554.22 _bWOS 1955 |
| 100 | 1 |
_aWooldridge, Sidney William. _932869 |
|
| 245 | 1 | 0 |
_aStructure, surface, and drainage in South-east England / _cS. W. Wooldridge and D. L. Linton. |
| 260 |
_aLondon : _bG. Philip, _cc1955. |
||
| 300 |
_a176 p. : _billus. ; _c25 cm. |
||
| 650 | 0 |
_aPhysical geography _zEngland. _935320 |
|
| 650 | 0 |
_aRivers _zEngland. _935321 |
|
| 700 | 1 |
_aLinton, David L., _ejoint author. _935322 |
|
| 942 |
_2ddc _cBK |
||
| 999 |
_c11426 _d11426 |
||